Пропуск в контексте

Производительность труда в сельском хозяйстве региона: факторы и условия роста монография

В работе освещены теоретически основы производительности труда в сельскохозяйственном производстве; предложена усовершенствованная методика исчисления ее показателей; изложены основные тенденции в развитии сельского хозяйства региона и динамике производительности труда в отрасли; рассмотрены основны...

Полное описание

Сохранить в:
Библиографические подробности
Главный автор: Кошелев Б. С.
Другие авторы: Петуховский С. Л., Мирошников Ю. А.
Формат: Книга
Язык:Russian
Опубликовано: Омск Омский ГАУ 2013
Online-ссылка:http://e.lanbook.com/books/element.php?pl1_id=71549
https://e.lanbook.com/img/cover/book/71549.jpg
Метки: Добавить метку
Нет меток, Требуется 1-ая метка записи!
LEADER 02654nam0a2200301 i 4500
001 71549
003 RuSpLAN
005 20221220173945.0
008 221220s2013 ru gs 000 0 rus
020 |a 978-5-89764-411-7 
040 |a RuSpLAN 
041 0 |a rus 
044 |a ru 
080 |a 331.101.6:631.155(571.13) 
084 |a 65.9(2)24:65.9(2)32-6  |2 rubbk 
245 0 0 |a Производительность труда в сельском хозяйстве региона: факторы и условия роста  |b монография  |c Кошелев Б. С.,Петуховский С. Л.,Мирошников Ю. А. 
260 |a Омск  |b Омский ГАУ  |c 2013 
300 |a 376 с. 
500 |a Рекомендовано к изданию научно-техническим советом ФГБОУ ВПО ОмГАУ им. П.А. Столыпина 
504 |a Библиогр.: доступна в карточке книги, на сайте ЭБС Лань 
520 8 |a В работе освещены теоретически основы производительности труда в сельскохозяйственном производстве; предложена усовершенствованная методика исчисления ее показателей; изложены основные тенденции в развитии сельского хозяйства региона и динамике производительности труда в отрасли; рассмотрены основные факторы и условия, оказывающие влияние на производительность труда в сельском хозяйстве и позволяющие стимулировать ее рост в отрасли. Книга предназначена для научных работников, специалистов сельскохозяйственных организаций, руководителей и специалистов органов управления агропромышленным комплексом регионального уровня, научных работников, аспирантов. 
521 8 |a Книга из коллекции Омский ГАУ - Экономика и менеджмент 
100 1 |a Кошелев Б. С. 
700 1 |a Петуховский С. Л. 
700 1 |a Мирошников Ю. А. 
856 4 |u http://e.lanbook.com/books/element.php?pl1_id=71549 
856 4 8 |u https://e.lanbook.com/img/cover/book/71549.jpg 
953 |a https://e.lanbook.com/img/cover/book/71549.jpg